[Event "Liberec op 20th"]
[Site "Liberec"]
[Date "2020.02.28"]
[Round "8"]
[White "Muller, David"]
[Black "Peniska, Pavel"]
[Result "1-0"]
[WhiteElo "1590"]
[BlackElo "1868"]
[PlyCount "63"]
[EventDate "2020.02.22"]
[EventType "swiss"]
[EventRounds "9"]
[EventCountry "CZE"]
[SourceTitle "CBM 195 Extra"]
[Source "ChessBase"]
[SourceDate "2020.05.31"]
[SourceVersion "1"]
[SourceVersionDate "2020.05.31"]
[SourceQuality "1"]

1. e4 c5 2. Nc3 Nc6 3. f4 g6 4. Nf3 Bg7 5. Bb5 Nd4 6. 0-0 Nxb5 7. Nxb5 Nf6 8. d3 0-0 9. Qe1 d6 10. Nh4 Bd7 11. Nc3 Bc6 12. Qg3 b5 13. Qf2 b4 14. Ne2 Nd7 15. Nf3 a5 16. f5 a4 17. Rb1 Rc8 18. Qh4 d5 19. Ng5 h6 20. fxg6 fxg6 21. Ne6 Rxf1+ 22. Kxf1 g5 23. Bxg5 hxg5 24. Qxg5 Qf8+ 25. Nxf8 Rxf8+ 26. Kg1 dxe4 27. Qxe7 Ne5 28. Qxc5 exd3 29. cxd3 Rd8 30. d4 Be4 31. Rd1 Bc2 32. Qxc2 1-0

[Event "Liberec Metalmex op"]
[Site "Liberec"]
[Date "2012.08.18"]
[Round "9"]
[White "Jina, Lubos"]
[Black "Peniska, Pavel"]
[Result "1/2-1/2"]
[WhiteElo "1787"]
[BlackElo "1925"]
[PlyCount "186"]
[EventDate "2012.08.11"]
[EventType "swiss"]
[EventRounds "9"]
[EventCountry "CZE"]
[SourceTitle "EXT 2014"]
[Source "ChessBase"]
[SourceDate "2013.11.20"]
[SourceVersion "1"]
[SourceVersionDate "2013.11.20"]
[SourceQuality "1"]

1. d4 Nf6 2. Nf3 b6 3. Nbd2 Bb7 4. e3 e6 5. Be2 Be7 6. b3 0-0 7. Bb2 d5 8. 0-0 Nbd7 9. a3 c5 10. c4 Rc8 11. Rc1 Ne4 12. cxd5 exd5 13. dxc5 Nxd2 14. Qxd2 bxc5 15. Ne5 Nxe5 16. Bxe5 Bf6 17. Bxf6 Qxf6 18. Bf3 Rfd8 19. Rfd1 g6 20. h3 h5 21. Rc2 Rc7 22. Qc1 d4 23. Bxb7 Rxb7 24. exd4 Rxd4 25. Rxd4 Qxd4 26. Rd2 Qe5 27. Rd3 Kh7 28. Re3 Qd4 29. Rc3 Qd5 30. Qc2 Qd4 31. Rxc5 Qa1+ 32. Kh2 Qxa3 33. Rxh5+ Kg7 34. Qc3+ f6 35. Ra5 Qd6+ 36. Qg3 Qb4 37. Ra6 Qxb3 38. Qxb3 Rxb3 39. Rxa7+ Kh6 40. Ra6 f5 41. Re6 f4 42. Rf6 Kg5 43. Rf8 Rb4 44. Rc8 Rb2 45. Rc5+ Kh4 46. f3 Rb1 47. Rc4 Kg5 48. h4+ Kf5 49. Rc5+ Kf6 50. Kh3 Rb2 51. h5 g5 52. Rc6+ Kf5 53. Rc5+ Kf6 54. h6 Ra2 55. Rc7 Kg6 56. h7 Ra8 57. Kg4 Rf8 58. Rc5 Kxh7 59. Rxg5 Kh6 60. Rh5+ Kg6 61. Rb5 Kh6 62. Rb6+ Kh7 63. Rb2 Kh6 64. Rb6+ Kh7 65. Kh5 Rf5+ 66. Kg4 Rf8 67. Rb5 Kh6 68. Rh5+ Kg6 69. Ra5 Kh6 70. Ra6+ Kh7 71. Kg5 Rg8+ 72. Kxf4 Rxg2 73. Kf5 Rb2 74. Ra7+ Kg8 75. f4 Rb6 76. Kg5 Kf8 77. f5 Rc6 78. Rh7 Ra6 79. Rb7 Rc6 80. Rb4 Ra6 81. Rg4 Kf7 82. Rb4 Kf8 83. Re4 Kf7 84. Re2 Rb6 85. Rc2 Ra6 86. Rc5 Rb6 87. Rc7+ Kf8 88. f6 Rb1 89. Rc4 Kf7 90. Rc7+ Kf8 91. Kf5 Rf1+ 92. Ke6 Re1+ 93. Kd7 Kf7 1/2-1/2

[Event "Nachod op"]
[Site "Nachod"]
[Date "2012.07.03"]
[Round "4"]
[White "Peniska, Pavel"]
[Black "Prochazka, Pavel"]
[Result "1-0"]
[WhiteElo "1923"]
[BlackElo "1781"]
[PlyCount "79"]
[EventDate "2012.06.30"]
[EventType "swiss"]
[EventRounds "9"]
[EventCountry "CZE"]
[SourceTitle "CBM 149 Extra"]
[Source "ChessBase"]
[SourceDate "2012.08.24"]
[SourceVersion "1"]
[SourceVersionDate "2012.08.24"]
[SourceQuality "1"]

1. d4 d5 2. Nf3 Nf6 3. c4 e6 4. Nc3 c6 5. Bg5 Be7 6. e3 Nbd7 7. Rc1 Qa5 8. cxd5 exd5 9. Bd3 0-0 10. 0-0 Re8 11. Qc2 h6 12. Bh4 Nh5 13. Bxe7 Rxe7 14. Rb1 Qc7 15. Nxd5 Qd6 16. Nxe7+ Qxe7 17. b4 g5 18. b5 cxb5 19. Rxb5 Ndf6 20. Qc5 Qe8 21. Ne5 Be6 22. Rxb7 Nd7 23. Nxd7 Bxd7 24. Qd6 Be6 25. Qe7 a5 26. Qxe8+ Rxe8 27. Ra7 Bxa2 28. Rxa5 Be6 29. h4 Ng7 30. hxg5 h5 31. Rfa1 Kf8 32. Ra8 h4 33. f4 Bg4 34. d5 Rxa8 35. Rxa8+ Ke7 36. e4 Nh5 37. f5 Nf4 38. Bb5 h3 39. e5 f6 40. d6+ 1-0

[Event "CZE-chT2C 1112"]
[Site "Czech Republic"]
[Date "2012.04.22"]
[Round "11.8"]
[White "Krtous, Zdenek"]
[Black "Peniska, Pavel"]
[Result "1-0"]
[WhiteElo "2080"]
[BlackElo "1923"]
[PlyCount "57"]
[EventDate "2011.10.09"]
[EventType "team-tourn"]
[EventRounds "11"]
[EventCountry "CZE"]
[SourceTitle "EXT 2013"]
[Source "ChessBase"]
[SourceDate "2012.11.22"]
[SourceVersion "1"]
[SourceVersionDate "2012.11.22"]
[SourceQuality "1"]
[WhiteTeam "Liberec"]
[BlackTeam "Turnov Zikuda III"]
[WhiteTeamCountry "CZE"]
[BlackTeamCountry "CZE"]

1. e4 c5 2. Nf3 Nc6 3. d4 cxd4 4. Nxd4 g6 5. Be3 Bg7 6. c4 Nf6 7. Nc3 Ng4 8. Qxg4 Nxd4 9. Qd1 Ne6 10. Be2 d6 11. 0-0 0-0 12. f4 Bd7 13. Qd2 Bc6 14. Bf3 b6 15. Rad1 Rc8 16. Nd5 f5 17. exf5 gxf5 18. Rfe1 Bd7 19. b3 Kh8 20. Bf2 b5 21. Bh4 bxc4 22. bxc4 Rxc4 23. Bxe7 Qc8 24. Bxf8 Qxf8 25. Kh1 Nd4 26. Re3 Nxf3 27. Rxf3 Bc6 28. Rd3 Qa8 29. Ne3 1-0

[Event "Liberec Metalmex op"]
[Site "Liberec"]
[Date "2011.08.16"]
[Round "4"]
[White "Kaderabek, Jiri"]
[Black "Peniska, Pavel"]
[Result "1-0"]
[WhiteElo "2205"]
[BlackElo "1946"]
[PlyCount "57"]
[EventDate "2011.08.13"]
[EventType "swiss"]
[EventRounds "9"]
[EventCountry "CZE"]
[SourceTitle "CBM 143 Extra"]
[Source "ChessBase"]
[SourceDate "2011.08.29"]
[SourceVersion "1"]
[SourceVersionDate "2011.08.29"]
[SourceQuality "1"]

1. e4 e5 2. Nf3 Nf6 3. Nc3 Nc6 4. d4 exd4 5. Nxd4 Bc5 6. Be3 Bxd4 7. Bxd4 Nxd4 8. Qxd4 d6 9. 0-0-0 Be6 10. Bb5+ c6 11. Ba4 0-0 12. Qxd6 Qa5 13. Bb3 Bxb3 14. cxb3 Rfe8 15. f3 Re6 16. Qf4 Rae8 17. Rd3 Nh5 18. Qd2 g6 19. g4 Ng7 20. h4 h5 21. Rd1 Qc5 22. Rd8 b5 23. Rxe8+ Nxe8 24. b4 Qxb4 25. gxh5 Qc5 26. Qg5 Re5 27. Qf4 b4 28. hxg6 fxg6 29. Rd7 1-0

[Event "Liberec op 11th"]
[Site "Liberec"]
[Date "2010.10.29"]
[Round "8"]
[White "Svec, Ludek"]
[Black "Peniska, Pavel"]
[Result "0-1"]
[WhiteElo "1772"]
[BlackElo "1959"]
[PlyCount "62"]
[EventDate "2010.10.23"]
[EventType "swiss"]
[EventRounds "9"]
[EventCountry "CZE"]
[SourceTitle "EXT 2011"]
[Source "ChessBase"]
[SourceDate "2010.11.26"]
[SourceVersion "1"]
[SourceVersionDate "2010.11.26"]
[SourceQuality "1"]

1. e4 d5 2. exd5 Nf6 3. Bb5+ Nbd7 4. Nc3 a6 5. Be2 Nb6 6. Bf3 Nbxd5 7. Nxd5 Nxd5 8. d4 e6 9. Ne2 Rb8 10. Bd2 b5 11. a3 Bb7 12. 0-0 c5 13. dxc5 Bxc5 14. c4 bxc4 15. Qa4+ Qd7 16. Qxd7+ Kxd7 17. Rac1 Nb6 18. Bxb7 Rxb7 19. b4 Bd6 20. Bc3 f6 21. Rfd1 Nd5 22. Ba1 Rc8 23. Nc3 Nxc3 24. Bxc3 Rb5 25. Rc2 Rd5 26. Rcd2 Rxd2 27. Rxd2 Kc6 28. a4 Be5 29. Bxe5 fxe5 30. f3 c3 31. Rc2 Kd5 0-1

[Event "Liberec op 11th"]
[Site "Liberec"]
[Date "2010.10.26"]
[Round "4"]
[White "Peniska, Pavel"]
[Black "Cakl, Zdenek"]
[Result "0-1"]
[WhiteElo "1959"]
[BlackElo "2114"]
[PlyCount "106"]
[EventDate "2010.10.23"]
[EventType "swiss"]
[EventRounds "9"]
[EventCountry "CZE"]
[SourceTitle "EXT 2011"]
[Source "ChessBase"]
[SourceDate "2010.11.26"]
[SourceVersion "1"]
[SourceVersionDate "2010.11.26"]
[SourceQuality "1"]

1. d4 Nf6 2. Nf3 e6 3. Bg5 d5 4. e3 Nbd7 5. c4 h6 6. Bh4 Bb4+ 7. Nc3 c5 8. cxd5 exd5 9. a3 Bxc3+ 10. bxc3 Qa5 11. Qb3 0-0 12. Be2 Ne4 13. Rc1 Ndf6 14. 0-0 g5 15. Bg3 g4 16. Ne5 Nd2 17. Qb2 Nxf1 18. Bxf1 Bf5 19. f3 Rac8 20. Bh4 Nd7 21. fxg4 Nxe5 22. gxf5 Nd7 23. f6 c4 24. Qf2 Rfd8 25. Qg3+ Kf8 26. Be2 Qxa3 27. Rf1 Ke8 28. Rf5 Nf8 29. Re5+ Ne6 30. Qg8+ Qf8 31. Rxe6+ Kd7 32. Qxf8 Rxf8 33. Re7+ Kc6 34. Bg4 Ra8 35. Bh5 a5 36. Bxf7 a4 37. e4 Rxf7 38. exd5+ Kxd5 39. Rxf7 a3 40. Re7 a2 41. Re1 a1Q 42. Rxa1 Rxa1+ 43. Kf2 Ke6 44. d5+ Kf7 45. Ke3 Rd1 46. Ke4 Rd3 47. Bf2 Kxf6 48. Bd4+ Ke7 49. Be5 b5 50. g4 Rd1 51. Bf4 Rg1 52. Bxh6 Rxg4+ 53. Bf4 b4 0-1

[Event "Liberec op 10th"]
[Site "Liberec"]
[Date "2009.10.30"]
[Round "8"]
[White "Benes, Petr1111"]
[Black "Peniska, Pavel"]
[Result "1-0"]
[WhiteElo "2159"]
[BlackElo "1960"]
[PlyCount "58"]
[EventDate "2009.10.24"]
[EventType "swiss"]
[EventRounds "9"]
[EventCountry "CZE"]
[SourceTitle "EXT 2010"]
[Source "ChessBase"]
[SourceDate "2010.11.25"]
[SourceVersion "1"]
[SourceVersionDate "2010.11.25"]
[SourceQuality "1"]

1. Nf3 c5 2. c4 Nc6 3. Nc3 g6 4. e3 Nf6 5. d4 cxd4 6. exd4 d5 7. Bg5 Ne4 8. cxd5 Nxc3 9. bxc3 Qxd5 10. Be2 Bg7 11. 0-0 0-0 12. Re1 Bg4 13. Qd2 Qa5 14. Rab1 Qc7 15. h3 Bxf3 16. Bxf3 e6 17. Re4 Na5 18. Rh4 Rac8 19. Rc1 Nc4 20. Qe2 Rfe8 21. Qe4 b6 22. Qd3 f5 23. g4 Qd7 24. Be2 Qa4 25. gxf5 exf5 26. d5 Qxa2 27. Rxc4 Rxc4 28. Qxc4 Qxe2 29. Qxe2 Rxe2 1-0

[Event "Liberec op"]
[Site "Liberec"]
[Date "2007.11.14"]
[Round "6"]
[White "Nasavrcky, Jaroslav"]
[Black "Peniska, Pavel"]
[Result "1/2-1/2"]
[WhiteElo "1726"]
[BlackElo "1988"]
[PlyCount "37"]
[EventDate "2007.11.10"]
[EventType "swiss"]
[EventRounds "9"]
[EventCountry "CZE"]
[SourceTitle "EXT 2008"]
[Source "ChessBase"]
[SourceDate "2007.11.25"]
[SourceVersion "1"]
[SourceVersionDate "2007.11.25"]
[SourceQuality "1"]

1. e4 c6 2. d4 d5 3. e5 Bf5 4. Nf3 e6 5. Bd3 Bxd3 6. Qxd3 Qb6 7. 0-0 c5 8. c3 Nc6 9. Na3 cxd4 10. cxd4 Bxa3 11. Qxa3 Nge7 12. Be3 0-0 13. Rac1 Nf5 14. Qc3 f6 15. Rfd1 fxe5 16. Nxe5 Nxe5 17. dxe5 Nxe3 18. fxe3 Rf4 19. Rd4 1/2-1/2

[Event "Cesky Krumlov op 1st"]
[Site "Cesky Krumlov"]
[Date "2007.10.14"]
[Round "2"]
[White "Peniska, Pavel"]
[Black "Vales, Vaclav"]
[Result "0-1"]
[WhiteElo "1988"]
[BlackElo "2163"]
[PlyCount "90"]
[EventDate "2007.10.13"]
[EventType "swiss"]
[EventRounds "9"]
[EventCountry "CZE"]
[SourceTitle "EXT 2008"]
[Source "ChessBase"]
[SourceDate "2007.11.25"]
[SourceVersion "1"]
[SourceVersionDate "2007.11.25"]
[SourceQuality "1"]

1. e4 c5 2. Nc3 Nc6 3. g3 g6 4. Bg2 Bg7 5. f4 d6 6. Nf3 e6 7. 0-0 Nge7 8. d3 0-0 9. Ne2 f5 10. c3 Rb8 11. Be3 b6 12. Qc2 d5 13. e5 Ba6 14. Rfd1 Qd7 15. Qa4 Bb7 16. d4 Nxe5 17. Qxd7 Nxd7 18. Ng5 Rf6 19. Kf2 Ba6 20. Rd2 h6 21. Nh3 Rff8 22. Nhg1 Nf6 23. h3 Rfe8 24. Bf3 Ne4+ 25. Bxe4 fxe4 26. g4 Bd3 27. Re1 a5 28. Nc1 c4 29. Nge2 b5 30. a3 Nc6 31. Na2 b4 32. axb4 axb4 33. Nxb4 Nxb4 34. cxb4 Rxb4 35. Nc3 Reb8 36. Nd1 Rb3 37. Rg1 Bf8 38. Kg2 Kh7 39. Rf2 Be7 40. Kg3 Rf8 41. h4 h5 42. g5 Ra8 43. Nc3 Bb4 44. Re1 Kg7 45. Nd1 Bxe1 0-1